000 00431nam a2200145Ia 4500
005 20250227001123.0
008 240331s9999 xx 000 0 und d
082 _bRUM
_26118
_a920
100 _aRumi, N
245 0 _aKamaraj:
_bKaruppu Kaanthiyin Vellai Vaalkai
260 _aChennai
_bKizhakku Pathippagam
_c2004
300 _a152 p.,
500 _aA biographical sketch about Kamaraj, an exemplary politician in India.
942 _cL
999 _c4670
_d4670